000
00279nam a22001217a 4500
008
180104b xxu||||| |||| 00| 0 eng d
041
_a
eng
080
_a
94
100
_a
16
101
_a
HIS
245
_a
HISTORIAN ECONOMIC AND ECONOMIC HISTORY
_c
ALON.K
942
_2
udc
_c
BK
999
_c
39756
_d
39756